000 00710nam a2200241 4500
003 OSt
005 20240614065821.0
006 a
008 240614b |||||||| |||| 00| 0 eng d
020 _a9780415686778
040 _aDWCL-Main lib.
_cOC
082 _aCirc. 370.15 S978p 2012
100 _aSwinson, Jeremy
245 _aPositive psychology for teachers /
260 _aNew York :
_bRoutledge,
_cc2012.
300 _axv,
_b162 p. : ill. ;
_c24 cm.
504 _aIncludes bibliographical references & index.
650 _a1. Educational psychology.
650 _a2. Classroom management.
650 _a3. Behavior modification.
700 _aJeremy Swinson
942 _2ddc
_n0
_cBK-CIRC
_kCirc.
999 _c718
_d718